000 00675nam a22001577a 4500
003 OSt
005 20151002103555.0
008 151002b xxu||||| |||| 00| 0 eng d
040 _cRUA
082 _aAVM IN 1996 B069 Or.1
100 _91730
_aIN, SOPHARY.
245 _aEpidemiological study of fasciolosis of cattle in kien svay district kandal province (ការសិក្សាអំពីការរាលដាលនៃជំងឺបង្កដោយព្រូន​Fasciolaចំពោះគោនៅស្រុកគៀនស្វាយខេត្តកណ្ដាល)
260 _aPhnom Penh
_bRUA
_c1996
300 _a53p.
_bill.
_c29cm.
942 _2ddc
_cAVM
999 _c1633
_d1633